The Assault on Mount Everest, 1922. By Brigadier General H. C. G. Bruce, C.B., M.V.O. and other members of the expedition. With maps and illustrations
Guardat en:
| Autor principal: | |
|---|---|
| Format: | Llibre |
| Idioma: | anglès |
| Publicat: |
Londres
Edward Arnold & Co.
1923
|
| Edició: | 1a. ed |
| Matèries: | |
| Etiquetes: |
Afegir etiqueta
Sense etiquetes, Sigues el primer a etiquetar aquest registre!
|
MARC
| LEADER | 00000nam a2200000 a 4500 | ||
|---|---|---|---|
| 001 | UCJ5601 | ||
| 003 | CL-VaPUC | ||
| 008 | 070124e19230000UK |||||||||||||||||eng|d | ||
| 082 | 0 | 4 | |a 910.4 |b BRU |2 21 |
| 100 | 0 | |a Bruce, C. G. |e author |9 510993 | |
| 245 | 1 | 4 | |a The Assault on Mount Everest, 1922. By Brigadier General H. C. G. Bruce, C.B., M.V.O. and other members of the expedition. With maps and illustrations |
| 250 | |a 1a. ed | ||
| 300 | |a xi, 339 p | ||
| 942 | |c BK | ||
| 945 | |d 20070124 00:00:00 |a rinostro | ||
| 260 | |a Londres |b Edward Arnold & Co. |c 1923 | ||
| 500 | |a Mapas e ilustraciones conforme a lo señalado en índices | ||
| 600 | 0 | 7 | |a LEIGH MALLORY, H. |2 CL-VaPUC |9 510994 |
| 600 | 0 | 7 | |a FINCH, GEORGE |2 CL-VaPUC |9 510995 |
| 600 | 0 | 7 | |a SOMERVELL, T. HOWARD |2 CL-VaPUC |9 510996 |
| 600 | 0 | 7 | |a LONGSTAFF, T. G. |2 CL-VaPUC |9 510997 |
| 650 | 0 | |a Viajes |9 257115 | |
| 650 | 7 | |a MONTAÑISMO |2 CL-VaPUC |9 384709 | |
| 650 | 7 | |a FISIOLOGIA |2 CL-VaPUC |9 510998 | |
| 650 | 7 | |a LAMAS |2 CL-VaPUC |9 507141 | |
| 650 | 7 | |a SHERPAS |2 CL-VaPUC |9 505608 | |
| 650 | 7 | |a GURKAS |2 CL-VaPUC |9 510638 | |
| 650 | 0 | |a Cultura |9 269059 | |
| 650 | 0 | |a Antropología |9 233030 | |
| 650 | 7 | |a FLORA |2 CL-VaPUC |9 264745 | |
| 650 | 7 | |a FAUNA |2 CL-VaPUC |9 349523 | |
| 650 | 0 | |a Iconografía |9 267998 | |
| 650 | 0 | |a Ilustraciones |9 369481 | |
| 650 | 0 | |a Mapas |9 260844 | |
| 651 | 7 | |a TIBET |2 CL-VaPUC |9 324206 | |
| 651 | 7 | |a HIMALAYAS |2 CL-VaPUC |9 510999 | |
| 583 | |a last modification |c 20070124 00:00:00 |k Rodrigo Vera | ||
| 999 | |c 321710 |d 321708 | ||
| 952 | |0 0 |1 0 |4 0 |6 910_400000000000000_BRU_1923 |7 0 |8 X |9 400533 |a FDOBUD |b FDOBUD |d 2019-11-22 |i 1036939 |o 910.4 BRU 1923 |p 1036939 |r 2019-11-22 |w 2019-11-22 |y BK_X |k BUD | ||